<?xml version="1.0" encoding="UTF-8"?>
<record
    xmlns:xsi="http://www.w3.org/2001/XMLSchema-instance"
    xsi:schemaLocation="http://www.loc.gov/MARC21/slim http://www.loc.gov/standards/marcxml/schema/MARC21slim.xsd"
    xmlns="http://www.loc.gov/MARC21/slim">

  <leader>01168nas a2200265 454500</leader>
  <controlfield tag="001">1723</controlfield>
  <controlfield tag="005">20260407193504.0</controlfield>
  <controlfield tag="008">260407s1995####ag###########|||spa#d</controlfield>
  <controlfield tag="003">AR-UNSa-BCEJYS</controlfield>
  <datafield tag="040" ind1=" " ind2=" ">
    <subfield code="a">AR-UNSa-BCEJYS</subfield>
    <subfield code="b">spa</subfield>
    <subfield code="c">AR-UNSa-BCEJYS</subfield>
  </datafield>
  <datafield tag="080" ind1=" " ind2=" ">
    <subfield code="a">657</subfield>
    <subfield code="x">Contabilidad</subfield>
  </datafield>
  <datafield tag="245" ind1="1" ind2="0">
    <subfield code="a">Contabilidad y auditor&#xED;a</subfield>
    <subfield code="p">Investigaciones en teor&#xED;a contable</subfield>
  </datafield>
  <datafield tag="022" ind1=" " ind2=" ">
    <subfield code="a">1515-2340</subfield>
  </datafield>
  <datafield tag="264" ind1=" " ind2="1">
    <subfield code="a">Buenos Aires :</subfield>
    <subfield code="b">Universidad de Buenos Aires.Facultad de Ciencias Econ&#xF3;micas, Secci&#xF3;n de Investigaciones Contables</subfield>
    <subfield code="c">1995</subfield>
  </datafield>
  <datafield tag="310" ind1=" " ind2=" ">
    <subfield code="a">Periodicidad: Semestral
Cambia de Director a partir del A&#xF1;o 22, N&#xBA; 43 por Luisa Fronti de Garc&#xED;a</subfield>
  </datafield>
  <datafield tag="505" ind1=" " ind2=" ">
    <subfield code="a">Contiene resultados de investigaciones realizadas por miembros de la secci&#xF3;n, presentaciones de actividades acad&#xE9;micas, traducciones de art&#xED;culos publicados en revista especializadas en econom&#xED;a social</subfield>
  </datafield>
  <datafield tag="041" ind1=" " ind2=" ">
    <subfield code="a">spa</subfield>
  </datafield>
  <datafield tag="942" ind1=" " ind2=" ">
    <subfield code="c">SER</subfield>
  </datafield>
  <datafield tag="590" ind1=" " ind2=" ">
    <subfield code="a">niveau_biblio:s niveau_hierar:1</subfield>
  </datafield>
  <datafield tag="100" ind1="1" ind2=" ">
    <subfield code="a">Biondi, Mario</subfield>
  </datafield>
  <datafield tag="650" ind1=" " ind2=" ">
    <subfield code="a">CONTABILIDAD</subfield>
  </datafield>
  <datafield tag="650" ind1=" " ind2=" ">
    <subfield code="a">Auditor&#xED;a</subfield>
  </datafield>
  <datafield tag="650" ind1=" " ind2=" ">
    <subfield code="a">ECONOMIA</subfield>
  </datafield>
  <datafield tag="856" ind1="4" ind2="1">
    <subfield code="u">https://biblioeco.unsa.edu.ar/pmb/images/revistas/Contabilidad y Auditor?a.jpg</subfield>
    <subfield code="y">Imagen de portada</subfield>
    <subfield code="q">image/jpeg</subfield>
  </datafield>
  <datafield tag="999" ind1=" " ind2=" ">
    <subfield code="c">8388</subfield>
    <subfield code="d">8388</subfield>
  </datafield>
  <datafield tag="952" ind1=" " ind2=" ">
    <subfield code="0">0</subfield>
    <subfield code="1">0</subfield>
    <subfield code="4">0</subfield>
    <subfield code="7">0</subfield>
    <subfield code="a">BCEJYS</subfield>
    <subfield code="b">BCEJYS</subfield>
    <subfield code="c">17</subfield>
    <subfield code="d">2023-07-01</subfield>
    <subfield code="h">A&#xF1;o 29, N&#xB0; 58 - jul./dic. 2023</subfield>
    <subfield code="l">0</subfield>
    <subfield code="o">H657 CON 58</subfield>
    <subfield code="p">R14080</subfield>
    <subfield code="r">2026-04-10 16:06:24</subfield>
    <subfield code="w">2026-04-10</subfield>
    <subfield code="y">RN</subfield>
  </datafield>
  <datafield tag="952" ind1=" " ind2=" ">
    <subfield code="0">0</subfield>
    <subfield code="1">0</subfield>
    <subfield code="4">0</subfield>
    <subfield code="7">0</subfield>
    <subfield code="a">BCEJYS</subfield>
    <subfield code="b">BCEJYS</subfield>
    <subfield code="c">17</subfield>
    <subfield code="d">2023-01-01</subfield>
    <subfield code="h">A&#xF1;o 29, N&#xB0; 57 - ene./jun. 2023</subfield>
    <subfield code="l">0</subfield>
    <subfield code="o">H657 CON 57</subfield>
    <subfield code="p">R00425</subfield>
    <subfield code="r">2026-04-10 16:06:24</subfield>
    <subfield code="w">2026-04-10</subfield>
    <subfield code="y">RN</subfield>
  </datafield>
  <datafield tag="952" ind1=" " ind2=" ">
    <subfield code="0">0</subfield>
    <subfield code="1">0</subfield>
    <subfield code="4">0</subfield>
    <subfield code="7">0</subfield>
    <subfield code="a">BCEJYS</subfield>
    <subfield code="b">BCEJYS</subfield>
    <subfield code="c">17</subfield>
    <subfield code="d">2022-07-01</subfield>
    <subfield code="h">A&#xF1;o 28, N&#xB0; 56 - jul./dic. 2022</subfield>
    <subfield code="l">0</subfield>
    <subfield code="o">H657 CON 56</subfield>
    <subfield code="p">R10423</subfield>
    <subfield code="r">2026-04-10 16:06:24</subfield>
    <subfield code="w">2026-04-10</subfield>
    <subfield code="y">RN</subfield>
  </datafield>
  <datafield tag="952" ind1=" " ind2=" ">
    <subfield code="0">0</subfield>
    <subfield code="1">0</subfield>
    <subfield code="4">0</subfield>
    <subfield code="7">0</subfield>
    <subfield code="a">BCEJYS</subfield>
    <subfield code="b">BCEJYS</subfield>
    <subfield code="c">17</subfield>
    <subfield code="d">2022-01-01</subfield>
    <subfield code="h">A&#xF1;o 28, N&#xB0; 55 - ene./jun. 2022</subfield>
    <subfield code="l">0</subfield>
    <subfield code="o">H657 CON 55</subfield>
    <subfield code="p">R10521</subfield>
    <subfield code="r">2026-04-10 16:06:24</subfield>
    <subfield code="w">2026-04-10</subfield>
    <subfield code="y">RN</subfield>
  </datafield>
  <datafield tag="952" ind1=" " ind2=" ">
    <subfield code="0">0</subfield>
    <subfield code="1">0</subfield>
    <subfield code="4">0</subfield>
    <subfield code="7">0</subfield>
    <subfield code="a">BCEJYS</subfield>
    <subfield code="b">BCEJYS</subfield>
    <subfield code="c">17</subfield>
    <subfield code="d">2019-01-01</subfield>
    <subfield code="h">A&#xF1;o 25, N&#xB0; 49 - ene./jun. 2019</subfield>
    <subfield code="l">0</subfield>
    <subfield code="o">H657 CON 49</subfield>
    <subfield code="p">R22585</subfield>
    <subfield code="r">2026-04-10 16:06:24</subfield>
    <subfield code="w">2026-04-10</subfield>
    <subfield code="y">RN</subfield>
  </datafield>
  <datafield tag="952" ind1=" " ind2=" ">
    <subfield code="0">0</subfield>
    <subfield code="1">0</subfield>
    <subfield code="4">0</subfield>
    <subfield code="7">0</subfield>
    <subfield code="a">BCEJYS</subfield>
    <subfield code="b">BCEJYS</subfield>
    <subfield code="c">17</subfield>
    <subfield code="d">2018-12-01</subfield>
    <subfield code="h">A&#xF1;o 24, N&#xBA; 48 - dic. 2018</subfield>
    <subfield code="l">0</subfield>
    <subfield code="o">H657 CON 48</subfield>
    <subfield code="p">R22163</subfield>
    <subfield code="r">2026-04-10 16:06:24</subfield>
    <subfield code="w">2026-04-10</subfield>
    <subfield code="y">RN</subfield>
  </datafield>
  <datafield tag="952" ind1=" " ind2=" ">
    <subfield code="0">0</subfield>
    <subfield code="1">0</subfield>
    <subfield code="4">0</subfield>
    <subfield code="7">0</subfield>
    <subfield code="a">BCEJYS</subfield>
    <subfield code="b">BCEJYS</subfield>
    <subfield code="c">17</subfield>
    <subfield code="d">2018-06-01</subfield>
    <subfield code="h">A&#xF1;o 24, N&#xBA; 47 - jun. 2018</subfield>
    <subfield code="l">0</subfield>
    <subfield code="o">H657 CON 47</subfield>
    <subfield code="p">R22046</subfield>
    <subfield code="r">2026-04-10 16:06:24</subfield>
    <subfield code="w">2026-04-10</subfield>
    <subfield code="y">RN</subfield>
  </datafield>
  <datafield tag="952" ind1=" " ind2=" ">
    <subfield code="0">0</subfield>
    <subfield code="1">0</subfield>
    <subfield code="4">0</subfield>
    <subfield code="7">0</subfield>
    <subfield code="a">BCEJYS</subfield>
    <subfield code="b">BCEJYS</subfield>
    <subfield code="c">17</subfield>
    <subfield code="d">2017-12-01</subfield>
    <subfield code="h">A&#xF1;o 23, N&#xBA; 46 - dic. 2017</subfield>
    <subfield code="l">0</subfield>
    <subfield code="o">H657 CON 46</subfield>
    <subfield code="p">R21812</subfield>
    <subfield code="r">2026-04-10 16:06:24</subfield>
    <subfield code="w">2026-04-10</subfield>
    <subfield code="y">RN</subfield>
  </datafield>
  <datafield tag="952" ind1=" " ind2=" ">
    <subfield code="0">0</subfield>
    <subfield code="1">0</subfield>
    <subfield code="4">0</subfield>
    <subfield code="7">0</subfield>
    <subfield code="a">BCEJYS</subfield>
    <subfield code="b">BCEJYS</subfield>
    <subfield code="c">17</subfield>
    <subfield code="d">2017-06-01</subfield>
    <subfield code="h">A&#xF1;o 23, N&#xBA; 45 - jun. 2017</subfield>
    <subfield code="l">0</subfield>
    <subfield code="o">H657 CON 45</subfield>
    <subfield code="p">R21811</subfield>
    <subfield code="r">2026-04-10 16:06:24</subfield>
    <subfield code="w">2026-04-10</subfield>
    <subfield code="y">RN</subfield>
  </datafield>
  <datafield tag="952" ind1=" " ind2=" ">
    <subfield code="0">0</subfield>
    <subfield code="1">0</subfield>
    <subfield code="4">0</subfield>
    <subfield code="7">0</subfield>
    <subfield code="a">BCEJYS</subfield>
    <subfield code="b">BCEJYS</subfield>
    <subfield code="c">17</subfield>
    <subfield code="d">2016-12-01</subfield>
    <subfield code="h">A&#xF1;o 22, N&#xBA; 44 - dic. 2016</subfield>
    <subfield code="l">0</subfield>
    <subfield code="o">H657 CON 44</subfield>
    <subfield code="p">R20764</subfield>
    <subfield code="r">2026-04-10 16:06:24</subfield>
    <subfield code="w">2026-04-10</subfield>
    <subfield code="y">RN</subfield>
  </datafield>
  <datafield tag="952" ind1=" " ind2=" ">
    <subfield code="0">0</subfield>
    <subfield code="1">0</subfield>
    <subfield code="4">0</subfield>
    <subfield code="7">0</subfield>
    <subfield code="a">BCEJYS</subfield>
    <subfield code="b">BCEJYS</subfield>
    <subfield code="c">17</subfield>
    <subfield code="d">2016-06-01</subfield>
    <subfield code="h">A&#xF1;o 22, N&#xBA; 43 - jun. 2016</subfield>
    <subfield code="l">0</subfield>
    <subfield code="o">H657 CON 43</subfield>
    <subfield code="p">R20728</subfield>
    <subfield code="r">2026-04-10 16:06:24</subfield>
    <subfield code="w">2026-04-10</subfield>
    <subfield code="y">RN</subfield>
  </datafield>
  <datafield tag="952" ind1=" " ind2=" ">
    <subfield code="0">0</subfield>
    <subfield code="1">0</subfield>
    <subfield code="4">0</subfield>
    <subfield code="7">0</subfield>
    <subfield code="a">BCEJYS</subfield>
    <subfield code="b">BCEJYS</subfield>
    <subfield code="c">17</subfield>
    <subfield code="d">2015-12-01</subfield>
    <subfield code="h">A&#xF1;o 21, N&#xBA; 42 - dic. 2015</subfield>
    <subfield code="l">0</subfield>
    <subfield code="o">H657 CON 42</subfield>
    <subfield code="p">R20633</subfield>
    <subfield code="r">2026-04-10 16:06:24</subfield>
    <subfield code="w">2026-04-10</subfield>
    <subfield code="y">RN</subfield>
  </datafield>
  <datafield tag="952" ind1=" " ind2=" ">
    <subfield code="0">0</subfield>
    <subfield code="1">0</subfield>
    <subfield code="4">0</subfield>
    <subfield code="7">0</subfield>
    <subfield code="a">BCEJYS</subfield>
    <subfield code="b">BCEJYS</subfield>
    <subfield code="c">17</subfield>
    <subfield code="d">2015-06-01</subfield>
    <subfield code="h">A&#xF1;o 21, N&#xBA; 41 - jun. 2015</subfield>
    <subfield code="l">0</subfield>
    <subfield code="o">H657 CON 41</subfield>
    <subfield code="p">R17341</subfield>
    <subfield code="r">2026-04-10 16:06:24</subfield>
    <subfield code="w">2026-04-10</subfield>
    <subfield code="y">RN</subfield>
  </datafield>
  <datafield tag="952" ind1=" " ind2=" ">
    <subfield code="0">0</subfield>
    <subfield code="1">0</subfield>
    <subfield code="4">0</subfield>
    <subfield code="7">0</subfield>
    <subfield code="a">BCEJYS</subfield>
    <subfield code="b">BCEJYS</subfield>
    <subfield code="c">17</subfield>
    <subfield code="d">2014-12-01</subfield>
    <subfield code="h">A&#xF1;o 20, N&#xBA; 40 - dic. 2014</subfield>
    <subfield code="l">0</subfield>
    <subfield code="o">H657 CON 40</subfield>
    <subfield code="p">R13791</subfield>
    <subfield code="r">2026-04-10 16:06:24</subfield>
    <subfield code="w">2026-04-10</subfield>
    <subfield code="y">RN</subfield>
  </datafield>
  <datafield tag="952" ind1=" " ind2=" ">
    <subfield code="0">0</subfield>
    <subfield code="1">0</subfield>
    <subfield code="4">0</subfield>
    <subfield code="7">0</subfield>
    <subfield code="a">BCEJYS</subfield>
    <subfield code="b">BCEJYS</subfield>
    <subfield code="c">17</subfield>
    <subfield code="d">2014-06-01</subfield>
    <subfield code="h">A&#xF1;o 20, N&#xBA; 39 - jun. 2014</subfield>
    <subfield code="l">0</subfield>
    <subfield code="o">H657 CON 39</subfield>
    <subfield code="p">R11483</subfield>
    <subfield code="r">2026-04-10 16:06:24</subfield>
    <subfield code="w">2026-04-10</subfield>
    <subfield code="y">RN</subfield>
  </datafield>
  <datafield tag="952" ind1=" " ind2=" ">
    <subfield code="0">0</subfield>
    <subfield code="1">0</subfield>
    <subfield code="4">0</subfield>
    <subfield code="7">0</subfield>
    <subfield code="a">BCEJYS</subfield>
    <subfield code="b">BCEJYS</subfield>
    <subfield code="c">17</subfield>
    <subfield code="d">2013-12-01</subfield>
    <subfield code="h">A&#xF1;o 19, N&#xBA;38 - dic. 2013</subfield>
    <subfield code="l">0</subfield>
    <subfield code="o">H657 CON 38</subfield>
    <subfield code="p">R10318</subfield>
    <subfield code="r">2026-04-10 16:06:24</subfield>
    <subfield code="w">2026-04-10</subfield>
    <subfield code="y">RN</subfield>
  </datafield>
  <datafield tag="952" ind1=" " ind2=" ">
    <subfield code="0">0</subfield>
    <subfield code="1">0</subfield>
    <subfield code="4">0</subfield>
    <subfield code="7">0</subfield>
    <subfield code="a">BCEJYS</subfield>
    <subfield code="b">BCEJYS</subfield>
    <subfield code="c">17</subfield>
    <subfield code="d">2013-06-01</subfield>
    <subfield code="h">A&#xF1;o 19, N&#xBA; 37 - jun.2013</subfield>
    <subfield code="l">0</subfield>
    <subfield code="o">H657 CON 37</subfield>
    <subfield code="p">R09008</subfield>
    <subfield code="r">2026-04-10 16:06:24</subfield>
    <subfield code="w">2026-04-10</subfield>
    <subfield code="y">RN</subfield>
  </datafield>
  <datafield tag="952" ind1=" " ind2=" ">
    <subfield code="0">0</subfield>
    <subfield code="1">0</subfield>
    <subfield code="4">0</subfield>
    <subfield code="7">0</subfield>
    <subfield code="a">BCEJYS</subfield>
    <subfield code="b">BCEJYS</subfield>
    <subfield code="c">17</subfield>
    <subfield code="d">2012-12-01</subfield>
    <subfield code="h">A&#xF1;o 18, N&#xBA; 36 - dic. 2012</subfield>
    <subfield code="l">0</subfield>
    <subfield code="o">H657 CON 36</subfield>
    <subfield code="p">R07199</subfield>
    <subfield code="r">2026-04-10 16:06:25</subfield>
    <subfield code="w">2026-04-10</subfield>
    <subfield code="y">RN</subfield>
  </datafield>
  <datafield tag="952" ind1=" " ind2=" ">
    <subfield code="0">0</subfield>
    <subfield code="1">0</subfield>
    <subfield code="4">0</subfield>
    <subfield code="7">0</subfield>
    <subfield code="a">BCEJYS</subfield>
    <subfield code="b">BCEJYS</subfield>
    <subfield code="c">17</subfield>
    <subfield code="d">2012-06-01</subfield>
    <subfield code="h">A&#xF1;o 18, N&#xBA; 35 - jun. 2012</subfield>
    <subfield code="l">0</subfield>
    <subfield code="o">H657 CON 35</subfield>
    <subfield code="p">R05006</subfield>
    <subfield code="r">2026-04-10 16:06:25</subfield>
    <subfield code="w">2026-04-10</subfield>
    <subfield code="y">RN</subfield>
  </datafield>
  <datafield tag="952" ind1=" " ind2=" ">
    <subfield code="0">0</subfield>
    <subfield code="1">0</subfield>
    <subfield code="4">0</subfield>
    <subfield code="7">0</subfield>
    <subfield code="a">BCEJYS</subfield>
    <subfield code="b">BCEJYS</subfield>
    <subfield code="c">17</subfield>
    <subfield code="d">2011-12-01</subfield>
    <subfield code="h">A&#xF1;o 17, N&#xBA; 34 - dic. 2011</subfield>
    <subfield code="l">0</subfield>
    <subfield code="o">H657 CON 34</subfield>
    <subfield code="p">R03963</subfield>
    <subfield code="r">2026-04-10 16:06:25</subfield>
    <subfield code="w">2026-04-10</subfield>
    <subfield code="y">RN</subfield>
  </datafield>
  <datafield tag="952" ind1=" " ind2=" ">
    <subfield code="0">0</subfield>
    <subfield code="1">0</subfield>
    <subfield code="4">0</subfield>
    <subfield code="7">0</subfield>
    <subfield code="a">BCEJYS</subfield>
    <subfield code="b">BCEJYS</subfield>
    <subfield code="c">17</subfield>
    <subfield code="d">2011-06-01</subfield>
    <subfield code="h">A&#xF1;o 17, N&#xBA; 33 - jun. 2011</subfield>
    <subfield code="l">0</subfield>
    <subfield code="o">H657 CON 33</subfield>
    <subfield code="p">R03362</subfield>
    <subfield code="r">2026-04-10 16:06:25</subfield>
    <subfield code="w">2026-04-10</subfield>
    <subfield code="y">RN</subfield>
  </datafield>
  <datafield tag="952" ind1=" " ind2=" ">
    <subfield code="0">0</subfield>
    <subfield code="1">0</subfield>
    <subfield code="4">0</subfield>
    <subfield code="7">0</subfield>
    <subfield code="a">BCEJYS</subfield>
    <subfield code="b">BCEJYS</subfield>
    <subfield code="c">17</subfield>
    <subfield code="d">2010-12-01</subfield>
    <subfield code="h">A&#xF1;o 16, N&#xBA; 32 - dic. 2010</subfield>
    <subfield code="l">0</subfield>
    <subfield code="o">H657 CON 32</subfield>
    <subfield code="p">R03243</subfield>
    <subfield code="r">2026-04-10 16:06:25</subfield>
    <subfield code="w">2026-04-10</subfield>
    <subfield code="y">RN</subfield>
  </datafield>
  <datafield tag="952" ind1=" " ind2=" ">
    <subfield code="0">0</subfield>
    <subfield code="1">0</subfield>
    <subfield code="4">0</subfield>
    <subfield code="7">0</subfield>
    <subfield code="a">BCEJYS</subfield>
    <subfield code="b">BCEJYS</subfield>
    <subfield code="c">17</subfield>
    <subfield code="d">2010-06-01</subfield>
    <subfield code="h">A&#xF1;o 16, N&#xBA; 31 - jun. 2010</subfield>
    <subfield code="l">0</subfield>
    <subfield code="o">H657 CON 31</subfield>
    <subfield code="p">R03146</subfield>
    <subfield code="r">2026-04-10 16:06:25</subfield>
    <subfield code="w">2026-04-10</subfield>
    <subfield code="y">RN</subfield>
  </datafield>
  <datafield tag="952" ind1=" " ind2=" ">
    <subfield code="0">0</subfield>
    <subfield code="1">0</subfield>
    <subfield code="4">0</subfield>
    <subfield code="7">0</subfield>
    <subfield code="a">BCEJYS</subfield>
    <subfield code="b">BCEJYS</subfield>
    <subfield code="c">17</subfield>
    <subfield code="d">2009-12-01</subfield>
    <subfield code="h">A&#xF1;o 15, N&#xBA; 30 - dic. 2009</subfield>
    <subfield code="l">0</subfield>
    <subfield code="o">H657 CON 30</subfield>
    <subfield code="p">R03145</subfield>
    <subfield code="r">2026-04-10 16:06:25</subfield>
    <subfield code="w">2026-04-10</subfield>
    <subfield code="y">RN</subfield>
  </datafield>
  <datafield tag="952" ind1=" " ind2=" ">
    <subfield code="0">0</subfield>
    <subfield code="1">0</subfield>
    <subfield code="4">0</subfield>
    <subfield code="7">0</subfield>
    <subfield code="a">BCEJYS</subfield>
    <subfield code="b">BCEJYS</subfield>
    <subfield code="c">17</subfield>
    <subfield code="d">2009-06-09</subfield>
    <subfield code="h">A&#xF1;o 15, N&#xBA; 29 - jun. 2009</subfield>
    <subfield code="l">0</subfield>
    <subfield code="o">H657 CON 29</subfield>
    <subfield code="p">R02367</subfield>
    <subfield code="r">2026-04-10 16:06:25</subfield>
    <subfield code="w">2026-04-10</subfield>
    <subfield code="y">RN</subfield>
  </datafield>
  <datafield tag="952" ind1=" " ind2=" ">
    <subfield code="0">0</subfield>
    <subfield code="1">0</subfield>
    <subfield code="4">0</subfield>
    <subfield code="7">0</subfield>
    <subfield code="a">BCEJYS</subfield>
    <subfield code="b">BCEJYS</subfield>
    <subfield code="c">17</subfield>
    <subfield code="d">2008-12-01</subfield>
    <subfield code="h">A&#xF1;o 14, N&#xBA; 28 - dic. 2008</subfield>
    <subfield code="l">0</subfield>
    <subfield code="o">H657 CON 28</subfield>
    <subfield code="p">R03144</subfield>
    <subfield code="r">2026-04-10 16:06:25</subfield>
    <subfield code="w">2026-04-10</subfield>
    <subfield code="y">RN</subfield>
  </datafield>
  <datafield tag="952" ind1=" " ind2=" ">
    <subfield code="0">0</subfield>
    <subfield code="1">0</subfield>
    <subfield code="4">0</subfield>
    <subfield code="7">0</subfield>
    <subfield code="a">BCEJYS</subfield>
    <subfield code="b">BCEJYS</subfield>
    <subfield code="c">17</subfield>
    <subfield code="d">2008-06-01</subfield>
    <subfield code="h">A&#xF1;o 14, N&#xBA; 27 - jun. 2008</subfield>
    <subfield code="l">0</subfield>
    <subfield code="o">H657 CON 27</subfield>
    <subfield code="p">R03143</subfield>
    <subfield code="r">2026-04-10 16:06:25</subfield>
    <subfield code="w">2026-04-10</subfield>
    <subfield code="y">RN</subfield>
  </datafield>
  <datafield tag="952" ind1=" " ind2=" ">
    <subfield code="0">0</subfield>
    <subfield code="1">0</subfield>
    <subfield code="4">0</subfield>
    <subfield code="7">0</subfield>
    <subfield code="a">BCEJYS</subfield>
    <subfield code="b">BCEJYS</subfield>
    <subfield code="c">17</subfield>
    <subfield code="d">2007-12-01</subfield>
    <subfield code="h">A&#xF1;o 13, N&#xBA; 26 - dic. 2007</subfield>
    <subfield code="l">0</subfield>
    <subfield code="o">H657 CON 26</subfield>
    <subfield code="p">R02207</subfield>
    <subfield code="r">2026-04-10 16:06:25</subfield>
    <subfield code="w">2026-04-10</subfield>
    <subfield code="y">RN</subfield>
  </datafield>
  <datafield tag="952" ind1=" " ind2=" ">
    <subfield code="0">0</subfield>
    <subfield code="1">0</subfield>
    <subfield code="4">0</subfield>
    <subfield code="7">0</subfield>
    <subfield code="a">BCEJYS</subfield>
    <subfield code="b">BCEJYS</subfield>
    <subfield code="c">17</subfield>
    <subfield code="d">2007-06-01</subfield>
    <subfield code="h">A&#xF1;o 13, N&#xBA; 25 - jun. 2007</subfield>
    <subfield code="l">0</subfield>
    <subfield code="o">H657 CON 25</subfield>
    <subfield code="p">R02123</subfield>
    <subfield code="r">2026-04-10 16:06:25</subfield>
    <subfield code="w">2026-04-10</subfield>
    <subfield code="y">RN</subfield>
  </datafield>
  <datafield tag="952" ind1=" " ind2=" ">
    <subfield code="0">0</subfield>
    <subfield code="1">0</subfield>
    <subfield code="4">0</subfield>
    <subfield code="7">0</subfield>
    <subfield code="a">BCEJYS</subfield>
    <subfield code="b">BCEJYS</subfield>
    <subfield code="c">17</subfield>
    <subfield code="d">2006-12-01</subfield>
    <subfield code="h">A&#xF1;o 12, N&#xBA; 24 - dic. 2006</subfield>
    <subfield code="l">0</subfield>
    <subfield code="o">H657 CON 24</subfield>
    <subfield code="p">R02032</subfield>
    <subfield code="r">2026-04-10 16:06:25</subfield>
    <subfield code="w">2026-04-10</subfield>
    <subfield code="y">RN</subfield>
  </datafield>
  <datafield tag="952" ind1=" " ind2=" ">
    <subfield code="0">0</subfield>
    <subfield code="1">0</subfield>
    <subfield code="4">0</subfield>
    <subfield code="7">0</subfield>
    <subfield code="a">BCEJYS</subfield>
    <subfield code="b">BCEJYS</subfield>
    <subfield code="c">17</subfield>
    <subfield code="d">2006-06-01</subfield>
    <subfield code="h">A&#xF1;o 12, N&#xBA; 23 - jun. 2006</subfield>
    <subfield code="l">0</subfield>
    <subfield code="o">H657 CON 23</subfield>
    <subfield code="p">R01953</subfield>
    <subfield code="r">2026-04-10 16:06:25</subfield>
    <subfield code="w">2026-04-10</subfield>
    <subfield code="y">RN</subfield>
  </datafield>
  <datafield tag="952" ind1=" " ind2=" ">
    <subfield code="0">0</subfield>
    <subfield code="1">0</subfield>
    <subfield code="4">0</subfield>
    <subfield code="7">0</subfield>
    <subfield code="a">BCEJYS</subfield>
    <subfield code="b">BCEJYS</subfield>
    <subfield code="c">17</subfield>
    <subfield code="d">2005-12-01</subfield>
    <subfield code="h">A&#xF1;o 11, N&#xBA; 22 - dic. 2005</subfield>
    <subfield code="l">0</subfield>
    <subfield code="o">H657 CON 22</subfield>
    <subfield code="p">R01885</subfield>
    <subfield code="r">2026-04-10 16:06:25</subfield>
    <subfield code="w">2026-04-10</subfield>
    <subfield code="y">RN</subfield>
  </datafield>
  <datafield tag="952" ind1=" " ind2=" ">
    <subfield code="0">0</subfield>
    <subfield code="1">0</subfield>
    <subfield code="4">0</subfield>
    <subfield code="7">0</subfield>
    <subfield code="a">BCEJYS</subfield>
    <subfield code="b">BCEJYS</subfield>
    <subfield code="c">17</subfield>
    <subfield code="d">2005-06-01</subfield>
    <subfield code="h">A&#xF1;o 11, N&#xBA; 21 - jun. 2005</subfield>
    <subfield code="l">0</subfield>
    <subfield code="o">H657 CON 21</subfield>
    <subfield code="p">R01531</subfield>
    <subfield code="r">2026-04-10 16:06:25</subfield>
    <subfield code="w">2026-04-10</subfield>
    <subfield code="y">RN</subfield>
  </datafield>
  <datafield tag="952" ind1=" " ind2=" ">
    <subfield code="0">0</subfield>
    <subfield code="1">0</subfield>
    <subfield code="4">0</subfield>
    <subfield code="7">0</subfield>
    <subfield code="a">BCEJYS</subfield>
    <subfield code="b">BCEJYS</subfield>
    <subfield code="c">17</subfield>
    <subfield code="d">2003-12-01</subfield>
    <subfield code="h">A&#xF1;o 9, N&#xBA; 18 - dic. 2003</subfield>
    <subfield code="l">0</subfield>
    <subfield code="o">H657 CON 18</subfield>
    <subfield code="p">R00066</subfield>
    <subfield code="r">2026-04-10 16:06:25</subfield>
    <subfield code="w">2026-04-10</subfield>
    <subfield code="y">RN</subfield>
  </datafield>
  <datafield tag="952" ind1=" " ind2=" ">
    <subfield code="0">0</subfield>
    <subfield code="1">0</subfield>
    <subfield code="4">0</subfield>
    <subfield code="7">0</subfield>
    <subfield code="a">BCEJYS</subfield>
    <subfield code="b">BCEJYS</subfield>
    <subfield code="c">17</subfield>
    <subfield code="d">2002-12-01</subfield>
    <subfield code="h">A&#xF1;o 8, N&#xBA; 16 - dic. 2002</subfield>
    <subfield code="l">0</subfield>
    <subfield code="o">H657 CON 16</subfield>
    <subfield code="p">R00065</subfield>
    <subfield code="r">2026-04-10 16:06:25</subfield>
    <subfield code="w">2026-04-10</subfield>
    <subfield code="y">RN</subfield>
  </datafield>
  <datafield tag="952" ind1=" " ind2=" ">
    <subfield code="0">0</subfield>
    <subfield code="1">0</subfield>
    <subfield code="4">0</subfield>
    <subfield code="7">0</subfield>
    <subfield code="a">BCEJYS</subfield>
    <subfield code="b">BCEJYS</subfield>
    <subfield code="c">17</subfield>
    <subfield code="d">2001-12-01</subfield>
    <subfield code="h">A&#xF1;o 7, N&#xBA; 14 - dic. 2001</subfield>
    <subfield code="l">0</subfield>
    <subfield code="o">H657 CON 14</subfield>
    <subfield code="p">R00064</subfield>
    <subfield code="r">2026-04-10 16:06:25</subfield>
    <subfield code="w">2026-04-10</subfield>
    <subfield code="y">RN</subfield>
  </datafield>
  <datafield tag="952" ind1=" " ind2=" ">
    <subfield code="0">0</subfield>
    <subfield code="1">0</subfield>
    <subfield code="4">0</subfield>
    <subfield code="7">0</subfield>
    <subfield code="a">BCEJYS</subfield>
    <subfield code="b">BCEJYS</subfield>
    <subfield code="c">17</subfield>
    <subfield code="d">2001-12-01</subfield>
    <subfield code="h">A&#xF1;o 7, N&#xBA; 14 - dic. 2001</subfield>
    <subfield code="l">0</subfield>
    <subfield code="o">H657 CON 14 Ej.2</subfield>
    <subfield code="p">R03141</subfield>
    <subfield code="r">2026-04-10 16:06:25</subfield>
    <subfield code="w">2026-04-10</subfield>
    <subfield code="y">RN</subfield>
  </datafield>
  <datafield tag="952" ind1=" " ind2=" ">
    <subfield code="0">0</subfield>
    <subfield code="1">0</subfield>
    <subfield code="4">0</subfield>
    <subfield code="7">0</subfield>
    <subfield code="a">BCEJYS</subfield>
    <subfield code="b">BCEJYS</subfield>
    <subfield code="c">17</subfield>
    <subfield code="d">2001-06-01</subfield>
    <subfield code="h">A&#xF1;o 7, N&#xBA; 13 - jun. 2001</subfield>
    <subfield code="l">0</subfield>
    <subfield code="o">H657 CON 13</subfield>
    <subfield code="p">R00063</subfield>
    <subfield code="r">2026-04-10 16:06:25</subfield>
    <subfield code="w">2026-04-10</subfield>
    <subfield code="y">RN</subfield>
  </datafield>
  <datafield tag="952" ind1=" " ind2=" ">
    <subfield code="0">0</subfield>
    <subfield code="1">0</subfield>
    <subfield code="4">0</subfield>
    <subfield code="7">0</subfield>
    <subfield code="a">BCEJYS</subfield>
    <subfield code="b">BCEJYS</subfield>
    <subfield code="c">17</subfield>
    <subfield code="d">2001-06-01</subfield>
    <subfield code="h">A&#xF1;o 7, N&#xBA; 13 - jun. 2001</subfield>
    <subfield code="l">0</subfield>
    <subfield code="o">H657 CON 13 Ej.2</subfield>
    <subfield code="p">R03142</subfield>
    <subfield code="r">2026-04-10 16:06:25</subfield>
    <subfield code="w">2026-04-10</subfield>
    <subfield code="y">RN</subfield>
  </datafield>
  <datafield tag="952" ind1=" " ind2=" ">
    <subfield code="0">0</subfield>
    <subfield code="1">0</subfield>
    <subfield code="4">0</subfield>
    <subfield code="7">0</subfield>
    <subfield code="a">BCEJYS</subfield>
    <subfield code="b">BCEJYS</subfield>
    <subfield code="c">17</subfield>
    <subfield code="d">2000-12-01</subfield>
    <subfield code="h">A&#xF1;o 6, N&#xBA; 12 - dic. 2000</subfield>
    <subfield code="l">0</subfield>
    <subfield code="o">H657 CON 12</subfield>
    <subfield code="p">R00062</subfield>
    <subfield code="r">2026-04-10 16:06:25</subfield>
    <subfield code="w">2026-04-10</subfield>
    <subfield code="y">RN</subfield>
  </datafield>
  <datafield tag="952" ind1=" " ind2=" ">
    <subfield code="0">0</subfield>
    <subfield code="1">0</subfield>
    <subfield code="4">0</subfield>
    <subfield code="7">0</subfield>
    <subfield code="a">BCEJYS</subfield>
    <subfield code="b">BCEJYS</subfield>
    <subfield code="c">17</subfield>
    <subfield code="d">2000-06-01</subfield>
    <subfield code="h">A&#xF1;o 6, N&#xBA; 11 - jun. 2000</subfield>
    <subfield code="l">0</subfield>
    <subfield code="o">H657 CON 11</subfield>
    <subfield code="p">R00061</subfield>
    <subfield code="r">2026-04-10 16:06:25</subfield>
    <subfield code="w">2026-04-10</subfield>
    <subfield code="y">RN</subfield>
  </datafield>
  <datafield tag="952" ind1=" " ind2=" ">
    <subfield code="0">0</subfield>
    <subfield code="1">0</subfield>
    <subfield code="4">0</subfield>
    <subfield code="7">0</subfield>
    <subfield code="a">BCEJYS</subfield>
    <subfield code="b">BCEJYS</subfield>
    <subfield code="c">17</subfield>
    <subfield code="d">2000-06-01</subfield>
    <subfield code="h">A&#xF1;o 6, N&#xBA; 11 - jun. 2000</subfield>
    <subfield code="l">0</subfield>
    <subfield code="o">H657 CON 11 Ej.2</subfield>
    <subfield code="p">R00175</subfield>
    <subfield code="r">2026-04-10 16:06:25</subfield>
    <subfield code="w">2026-04-10</subfield>
    <subfield code="y">RN</subfield>
  </datafield>
  <datafield tag="952" ind1=" " ind2=" ">
    <subfield code="0">0</subfield>
    <subfield code="1">0</subfield>
    <subfield code="4">0</subfield>
    <subfield code="7">0</subfield>
    <subfield code="a">BCEJYS</subfield>
    <subfield code="b">BCEJYS</subfield>
    <subfield code="c">17</subfield>
    <subfield code="d">1999-12-01</subfield>
    <subfield code="h">A&#xF1;o 5, N&#xBA; 10 - dic. 1999</subfield>
    <subfield code="l">0</subfield>
    <subfield code="o">H657 CON 10</subfield>
    <subfield code="p">R00060</subfield>
    <subfield code="r">2026-04-10 16:06:25</subfield>
    <subfield code="w">2026-04-10</subfield>
    <subfield code="y">RN</subfield>
  </datafield>
  <datafield tag="952" ind1=" " ind2=" ">
    <subfield code="0">0</subfield>
    <subfield code="1">0</subfield>
    <subfield code="4">0</subfield>
    <subfield code="7">0</subfield>
    <subfield code="a">BCEJYS</subfield>
    <subfield code="b">BCEJYS</subfield>
    <subfield code="c">17</subfield>
    <subfield code="d">1999-06-01</subfield>
    <subfield code="h">A&#xF1;o 5, N&#xBA; 9 - jun. 1999</subfield>
    <subfield code="l">0</subfield>
    <subfield code="o">H657 CON 9</subfield>
    <subfield code="p">R00059</subfield>
    <subfield code="r">2026-04-10 16:06:25</subfield>
    <subfield code="w">2026-04-10</subfield>
    <subfield code="y">RN</subfield>
  </datafield>
  <datafield tag="952" ind1=" " ind2=" ">
    <subfield code="0">0</subfield>
    <subfield code="1">0</subfield>
    <subfield code="4">0</subfield>
    <subfield code="7">0</subfield>
    <subfield code="a">BCEJYS</subfield>
    <subfield code="b">BCEJYS</subfield>
    <subfield code="c">17</subfield>
    <subfield code="d">1998-12-01</subfield>
    <subfield code="h">A&#xF1;o 4, N&#xBA; 8 - dic. 1998</subfield>
    <subfield code="l">0</subfield>
    <subfield code="o">H657 CON 8</subfield>
    <subfield code="p">R00058</subfield>
    <subfield code="r">2026-04-10 16:06:25</subfield>
    <subfield code="w">2026-04-10</subfield>
    <subfield code="y">RN</subfield>
  </datafield>
  <datafield tag="952" ind1=" " ind2=" ">
    <subfield code="0">0</subfield>
    <subfield code="1">0</subfield>
    <subfield code="4">0</subfield>
    <subfield code="7">0</subfield>
    <subfield code="a">BCEJYS</subfield>
    <subfield code="b">BCEJYS</subfield>
    <subfield code="c">17</subfield>
    <subfield code="d">1998-06-01</subfield>
    <subfield code="h">A&#xF1;o 4, N&#xBA; 7 - jun. 1998</subfield>
    <subfield code="l">0</subfield>
    <subfield code="o">H657 CON 7</subfield>
    <subfield code="p">R03995</subfield>
    <subfield code="r">2026-04-10 16:06:25</subfield>
    <subfield code="w">2026-04-10</subfield>
    <subfield code="y">RN</subfield>
  </datafield>
  <datafield tag="952" ind1=" " ind2=" ">
    <subfield code="0">0</subfield>
    <subfield code="1">0</subfield>
    <subfield code="4">0</subfield>
    <subfield code="7">0</subfield>
    <subfield code="a">BCEJYS</subfield>
    <subfield code="b">BCEJYS</subfield>
    <subfield code="c">17</subfield>
    <subfield code="d">1997-11-01</subfield>
    <subfield code="h">A&#xF1;o 3, N&#xBA; 4 - nov. 1997</subfield>
    <subfield code="l">0</subfield>
    <subfield code="o">H657 CON 4</subfield>
    <subfield code="p">R03140</subfield>
    <subfield code="r">2026-04-10 16:06:25</subfield>
    <subfield code="w">2026-04-10</subfield>
    <subfield code="y">RN</subfield>
  </datafield>
  <datafield tag="952" ind1=" " ind2=" ">
    <subfield code="0">0</subfield>
    <subfield code="1">0</subfield>
    <subfield code="4">0</subfield>
    <subfield code="7">0</subfield>
    <subfield code="a">BCEJYS</subfield>
    <subfield code="b">BCEJYS</subfield>
    <subfield code="c">17</subfield>
    <subfield code="d">1997-10-01</subfield>
    <subfield code="h">A&#xF1;o 3, N&#xBA; 6 - oct. 1997</subfield>
    <subfield code="l">0</subfield>
    <subfield code="o">H657 CON 6</subfield>
    <subfield code="p">R03139</subfield>
    <subfield code="r">2026-04-10 16:06:25</subfield>
    <subfield code="w">2026-04-10</subfield>
    <subfield code="y">RN</subfield>
  </datafield>
  <datafield tag="952" ind1=" " ind2=" ">
    <subfield code="0">0</subfield>
    <subfield code="1">0</subfield>
    <subfield code="4">0</subfield>
    <subfield code="7">0</subfield>
    <subfield code="a">BCEJYS</subfield>
    <subfield code="b">BCEJYS</subfield>
    <subfield code="c">17</subfield>
    <subfield code="d">1995-12-01</subfield>
    <subfield code="h">A&#xF1;o 1, N&#xBA; 1 - dic. 1995</subfield>
    <subfield code="l">0</subfield>
    <subfield code="o">H657 CON 1</subfield>
    <subfield code="p">R03138</subfield>
    <subfield code="r">2026-04-10 16:06:25</subfield>
    <subfield code="w">2026-04-10</subfield>
    <subfield code="y">RN</subfield>
  </datafield>
</record>
